000 00308nam a22001457a 4500
008 230524b ||||| |||| 00| 0 eng d
020 _a9782709630269
041 _aFRA
080 _a82
082 _a82MEY
100 _a38
101 _aGJL
245 _aLES AMES VAGABONDES
_cMEYER .S
942 _2udc
_cBK
999 _c59815
_d59815